| 000 | 00866cam a2200289 i 4500 | ||
|---|---|---|---|
| 001 | 113259 | ||
| 005 | 20230410123407.0 | ||
| 008 | 130919s2012 sp a 000 0 spa | ||
| 020 | _a9788490140291 | ||
| 041 | 0 | _aspa | |
| 050 | 1 | 4 |
_aK 237 _bF363a 2012 |
| 100 | 1 | _aFernández León, Óscar | |
| 245 | 1 | 0 |
_aAbogados, gestión y servicio / _cÓscar Fernández León ; prólogo, José Manuel Valdayo del Toro. |
| 260 |
_aCizur Menor, Navarra: _bEspaña, _c2012. |
||
| 300 |
_a174 p. ; _c24 cm. |
||
| 440 | 0 | _aGestión de despachos | |
| 504 | 0 | _aBibliografía: p. 173-174 | |
| 650 | 0 | _aLawyers | |
| 650 | 0 | _aPhilosophy of law. | |
| 650 | 0 | _aLaw as a profession. | |
| 650 | 4 | _aAbogados | |
| 650 | 4 | _aFilosofía del derecho. | |
| 650 | 4 | _aDerecho como profesión. | |
| 700 | 1 |
_aValdayo del Toro, José Manuel, _eprol. |
|
| 942 |
_2lcc _cbk |
||
| 946 | _almd | ||
| 999 |
_c60531 _d60531 |
||